000 00916nam a2200253Ia 4500
003 OSt
005 20221005112336.0
006 a|||||r|||| 00| 0
007 ta
008 221004b |||||||| |||| 00| 0 pan d
020 _a9789380918198 (hbk)
_c125
024 _a106392
037 _b7848/III/A, 21/02/2011, Arsee Publishers
_cTextual
040 _aCRL
_cCRL
_bpan
041 _2pan
_apan
082 _aO153,6N291x, Q0
100 _aਕੰਞਲ, ਜਸਵੰਤ ਸਿੰਘ
245 0 _aਪੰਜਾਬੀਓ * ਜੀਣਾ ਹੈ ਕਿ ਮਰਨਾ
260 _aਸਮਾਣਾ
_bਸੰਗਮ ਪਬfਅਕੇਨਗ਼ ਭਾਰਤ
_c2010
300 _a136ਪੰ
_ccm.
650 _aਪੰਜਾਬੀ ਸਾਹਿਤ
942 _hO153,6N291x, Q0
_cTEXL
_2cc
999 _c1024615
_d1024615